Mar del Plata y su región

Detalles Bibliográficos
Autor Corporativo: Sociedad Argentina de Estudios Geográficos GAEA
Formato: Libro
Publicado: Buenos Aires : GAEA, 1984.
Colección:Serie especial; no. 10
Materias:
Etiquetas: Agregar Etiqueta
Sin Etiquetas, Sea el primero en etiquetar este registro!

MARC

LEADER 00000nam a22000004a 4500
001 AR-BbUGT1204
003 AR-BbUGT
005 20181220001526.0
007 ta
008 061101t1984 |||a |0|||0| d
040 |a AR-BbUGT  |b spa  |c AR-BbUGT 
082 0 4 |a 918.212 
110 2 |a Sociedad Argentina de Estudios Geográficos GAEA 
245 1 0 |a Mar del Plata y su región 
260 |a Buenos Aires :   |b GAEA,   |c 1984. 
300 |a 269 p. :   |b il. 
490 1 |a Serie especial;   |v no. 10 
653 |a Mar del Plata 
830 0 |a Serie especial;   |v no. 10 
942 |c BK  |h 918.212  |i SO13  |2 ddc  |6 918_212000000000000_SO13 
999 |c 9048  |d 9048